000 00305nam a22001457a 4500
003 OSt
005 20160727222347.0
008 160621b xxu||||| |||| 00| 0 eng d
040 _ctest
100 _9276
_aParadise, P
245 _aRabbits
260 _aN.Y
_bN.Y
_c599
300 _aRabbits
942 _2ddc
_cBK
999 _c224
_d224